| 000 | 00717nam a22002292 4500 | ||
|---|---|---|---|
| 001 | 0000019609 | ||
| 005 | 20151217155226.0 | ||
| 008 | 110112s xx 000 0 eng d | ||
| 020 | _a0721602400 : | ||
| 040 |
_aKABU _cKABU |
||
| 100 | 1 |
_aGuyton, Arthur C. _@0000179396 |
|
| 245 | 1 | 0 |
_aTextbook of medical physiology / _cArthur C. Guyton, John E. Hall. |
| 250 | _a11th ed. | ||
| 260 |
_aPhiladelphia, PA : _bElsevier Saunders, _c2006. |
||
| 300 | _axxxv, 1116 p. | ||
| 650 | 0 |
_aHuman physiology. _@0000155597 |
|
| 650 | 0 |
_aPhysiology, Pathological. _@0000155866 |
|
| 700 | 1 |
_aHall, John E. _@0000179397 |
|
| 852 | 1 | _9p5990 KES | |
| 908 | _a110112 | ||
| 950 | _@1 | ||
| 999 |
_c12101 _d12101 |
||